000 01298cab a2200361 4500
001 ABS59213
008 090401t1998 xxu||||| |||| 00| 0 eng d
035 _a(Sirsi) u88184
041 _aeng
100 _aCornford, T.
245 4 _aThe control of planning gain
260 _c1998
350 _a0
490 _aJournal of Planning and Environment Law
_vAugust 1998, 731-749(19)
520 _aDiscusses the two ways in which the principal means of securing planning gain in the current system - by section 106 agreement - is open to abuse. Reviews case law and government policy. Sets out and evaluates possible reforms to the law governing planning gain.
650 _aDEVELOPERS
650 _aDEVELOPMENT PLANS
650 _aGOVERNMENT POLICY
650 _aMATERIALITY
650 _aNEWBURY DC V SOS ENVIRONMENT
650 _aPLANNING AUTHORITIES
650 _aPLANNING GAIN
650 _aPLANNING OBLIGATIONS
650 _aPLANNING PERMISSIONS
650 _aPROPORTIONALITY
650 _aR V PLYMOUTH CITY COUNCIL EX P PLYMOUTH AND SOUTH DEVON CO-OPERATIVE SOCIETY LTD
650 _aREFORM
650 _aTOWN AND COUNTRY PLANNING ACT 1990 S106
650 _aTESCO V SOS ENVIRONMENT
690 _aPLANNING LAW AND PRACTICE
942 _n0
948 _c28/08/1998
999 _c55720
_d55720